peace - Taylor Swift (All Lyrics) - Statistics

General Stats
  • This quiz has been taken 1,577 times
  • The average score is 239 of 289
Answer Stats
Answer % Correct
I
99%
you
97%
You
97%
a
96%
peace
96%
give
95%
Give
95%
it
95%
the
95%
The
95%
could
94%
never
94%
If
92%
if
92%
me
92%
my
92%
be
91%
your
91%
Your
91%
and
90%
And
90%
in
90%
would
89%
Would
89%
But
88%
but
88%
is
87%
Is
87%
come
86%
enough
86%
As
84%
as
84%
No
84%
for
83%
on
83%
that
83%
with
83%
I'm
82%
child
80%
friend
80%
I'll
80%
it's
80%
of
80%
see
80%
to
80%
when
80%
I'd
79%
people
79%
die
78%
got
78%
you're
78%
heart
77%
brother
76%
secret
76%
keep
75%
All
73%
best
73%
devil's
73%
east
73%
know
73%
only
73%
two
73%
warm
73%
west
73%
always
72%
details
72%
each
72%
fire
72%
gone
72%
gonna
72%
like
72%
love's
72%
other
72%
rain
72%
wild
72%
there's
71%
think
71%
clowns
70%
coming
70%
Family
70%
show
70%
age
69%
had
69%
has
69%
now
69%
sunshine
69%
understand
69%
standin
68%
Cause
67%
comes
67%
just
67%
brittle
66%
friends
66%
ocean
66%
robbers
66%
silence
66%
talk
66%
lives
65%
long
65%
near
65%
Our
65%
shit
65%
these
65%
wasting
65%
courage
64%
danger
64%
fences
64%
honor
64%
trenches
64%
blues
63%
darlin
63%
Suddenly
62%
summer
62%
wall
62%
around
61%
clear
61%
cascade
60%
chose
60%
convictions
60%
corner
60%
makes
60%
paint
60%
wave
60%
small
59%
Sit
58%
swing
57%
integrity
56%
seem
56%
dreamscapes
54%
waves
53%
this
49%
No matching quizzes found
Score Distribution
Percent of People with Each Score
Percentile by Number Answered
Your Score History
You have not taken this quiz